02081cam a22004218i 450000100090000000300050000900500170001400600190003100700150005000800410006501000170010602000260012302000310014902000300018003800130021004000230022304200080024605000110025408200220026510000290028724502910031625000190060726300090062626400440063530000220067933600260070133700260072733800360075350400510078952003810084058801030122165000370132465000370136170000390139870000320143770000430146977601470151221099797NUST20220607121021.0m |o d | cr |||||||||||190724s2020 nju ob 001 0 eng  a 2019032081 a9781119526360q(epub) a9781119526384q(adobe pdf) z9781119526346q(hardback) aMuzammil aDLCbengcDLCerda apcc00aTK101000a621.3191223bMAC1 aMachowski, Jan,eauthor.10aPower system dynamics :bstability and control /cJan Machowski, Warsaw University of Technology, Poland, Zbigniew Lubosny, Gdansk University of Technology, Poland, Janusz W. Bialek formerly Durham University and Edinburgh University, UK, James R. Bumby formerly Durham University, UK. aThird edition. a2001 1aHoboken, NJ, USA :bJohn Wiley,c2020. a1 online resource atextbtxt2rdacontent acomputerbc2rdamedia aonline resourcebcr2rdacarrier aIncludes bibliographical references and index. a"This book is the fully revised and updated third edition of Power System Dynamics and Stability. It has been 10 years since the second edition was published and the state of the knowledge in the topic area has progressed. The textbook requires updating and extending. A third edition will include an extension of some chapters and four new chapters"--cProvided by publisher. aDescription based on print version record and CIP data provided by publisher; resource not viewed. 0aElectric power system stability. 0aElectric power systemsxControl.1 aLubosny, Zbigniew,d1961-eauthor.1 aBialek, Janusz W.,eauthor.1 aBumby, J. R.q(James Richard)eauthor.08iPrint version:aMachowski, Jan.tPower system dynamicsbThird edition.dHoboken, NJ, USA : John Wiley, 2020.z9781119526346w(DLC) 2019032080